000 00739nam a22002177a 4500
999 _c14165
_d14165
003 AR-CdUCM
008 190422b ||||| |||| 00| 0 eng d
040 _aMUNICIPALIDAD PROVINCIAL DEL CUSCO
_cBIBLIOTECA MUNICIPAL DEL CUSCO
082 _a958 /
_bIL38
100 _aIl Sung, Kim
_932838
245 _aRespuestas a las preguntas del redactor jefe de "Ghana times", órgano gubernamental de Ghana /
260 _aCorea :
_bLenguas extranjeras Pyongyang,
_c1989.
300 _a20 paginas ;
_c14 cm.
505 _aContenido : Aspectos gubernamentales.
650 _aEstado
_9738
650 _aAspectos gubernamentales
_932839
650 _aCorea
_91036
650 _aGhana
_932840
942 _2ddc
_cFOLLETOS
945 _awnts
_d2019-04-22